00571nam a2200205 a 4500001001000000003000500010005001700015008004100032010001100073011001100084020001800095040000900113082001800122100004000140245006800180250001000248260005700258300002400315650002600339000113380CHAP20220329144351.0170614s2013 mx a |r| ||1|||spa d a109841 a110813 a9786071508492 cCHAP04a547bR29 20131 aRecio del Bosque, Francisco Higinio10aQuímica orgánica /cpor Francisco Higinio Recio del Bosque. a4 ed. aMéxico, D.F. :bMcGraw-Hill Interamericana,c2013. axiii, 220 p. :bil.14aQuímica orgánica.